Yu-Gi-Oh! Archetypes By Letter - H - Statistics

General Stats
  • This quiz has been taken 47 times
  • The average score is 6 of 8
Answer Stats
Picture Answer % Correct
Harpie
100%
Hand
91%
Horus the Black Flame Dragon
91%
Hieratic
80%
Hazy Flame
71%
Heroic
71%
Heraldic
60%
Hunder
43%
No matching quizzes found
Score Distribution
Percent of People with Each Score
Percentile by Number Answered
Your Score History
You have not taken this quiz